=LDR 00000nam 2200000 4500 =001 INLIS000000000002247 =005 20130612090612 =008 ***********************************Ind** =035 ##$$0010-061300000002247 =041 ##$$a Ind =082 ##$$a 813 =090 ##$$a 813, Bas b =100 ##$$a Basino, P.I Titis =245 ##$$a Bukan rumahku, Titis Basino P.I =260 ##$$a 1986 $b jakarta =300 ##$$a 231 hlm, 17 cm =650 ##$$a Fiksi Idonesia =850 ##$$a NBPNMAT